000 00317nam a2200121Ia 4500
008 190216s9999||||xx |||||||||||||| ||und||
100 _aManoj Das
245 0 _aIntroducing A Wonderful Land And A Wonderful People
260 _bSterling Publications
_c1983
300 _a490p
650 _aIndian History
942 _cBK
999 _c19636
_d19636